Looking after a dog (Record no. 374)

MARC details
000 -LEADER
fixed length control field 00576nam a22002057a 4500
005 - DATE AND TIME OF LATEST TRANSACTION
control field 20230608125135.0
008 - FIXED-LENGTH DATA ELEMENTS--GENERAL INFORMATION
fixed length control field 230608b |||||||| |||| 00| 0 eng d
020 ## - INTERNATIONAL STANDARD BOOK NUMBER
International Standard Book Number 9780198484608
040 ## - CATALOGING SOURCE
Original cataloging agency KMU
Transcribing agency KMU
Modifying agency KMU
Description conventions rda
050 ## - LIBRARY OF CONGRESS CALL NUMBER
Classification number PS 509.D6
100 ## - MAIN ENTRY--PERSONAL NAME
Personal name Llewellyn,Claire
245 ## - TITLE STATEMENT
Title Looking after a dog
Remainder of title /
Statement of responsibility, etc. Claire Llewellyn,Roderick Hunt and Alex Brychta
260 ## - PUBLICATION, DISTRIBUTION, ETC.
Place of publication, distribution, etc. Oxford:
Name of publisher, distributor, etc. Oxford University Press,
Date of publication, distribution, etc. 2011.
300 ## - PHYSICAL DESCRIPTION
Extent 16 p.:
Other physical details ill.;
Dimensions 8cm
650 ## - SUBJECT ADDED ENTRY--TOPICAL TERM
Topical term or geographic name entry element Dog management
650 ## - SUBJECT ADDED ENTRY--TOPICAL TERM
Topical term or geographic name entry element Dog
700 ## - ADDED ENTRY--PERSONAL NAME
Personal name Hunt Roderick
700 ## - ADDED ENTRY--PERSONAL NAME
Personal name Brychta Alex
942 ## - ADDED ENTRY ELEMENTS (KOHA)
Source of classification or shelving scheme Library of Congress Classification
Koha item type Non-Fiction
Suppress in OPAC No
Holdings
Withdrawn status Lost status Source of classification or shelving scheme Damaged status Not for loan Collection Home library Current library Shelving location Date acquired Source of acquisition Total Checkouts Full call number Barcode Date last seen Date last checked out Price effective from Koha item type
    Library of Congress Classification     Non-fiction Kapasa Makasa University Kapasa Makasa University Children's Area 08.06.2023 Zambia Library Service 2 PS 509.D6 Lle 300500 21.01.2026 06.01.2026 08.06.2023 Non-Fiction
    Library of Congress Classification     Non-fiction Kapasa Makasa University Kapasa Makasa University Children's Area 08.06.2023 Zambia Library Service   PS 509.D6 Lle 300495 08.06.2023   08.06.2023 Non-Fiction
    Library of Congress Classification     Non-fiction Kapasa Makasa University Kapasa Makasa University Children's Area 08.06.2023 Zambia Library Service 1 PS 509.D6 Lle 300494 03.02.2026 20.01.2026 08.06.2023 Non-Fiction
    Library of Congress Classification     Non-fiction Kapasa Makasa University Kapasa Makasa University Children's Area 08.06.2023 Zambia Library Service   PS 509.D6 Lle 300493 08.06.2023   08.06.2023 Non-Fiction
    Library of Congress Classification     Non-fiction Kapasa Makasa University Kapasa Makasa University Children's Area 08.06.2023 Zambia Library Service   PS 509.D6 Lle 300492 08.06.2023   08.06.2023 Non-Fiction
    Library of Congress Classification     Non-fiction Kapasa Makasa University Kapasa Makasa University Children's Area 08.06.2023 Zambia Library Service   PS 509.D6 Lle 300501 08.06.2023   08.06.2023 Non-Fiction
    Library of Congress Classification     Non-fiction Kapasa Makasa University Kapasa Makasa University Children's Area 08.06.2023 Zambia Library Service 2 PS 509.D6 Lle 300498 27.05.2024 08.04.2024 08.06.2023 Non-Fiction
    Library of Congress Classification     Non-fiction Kapasa Makasa University Kapasa Makasa University Children's Area 08.06.2023 Zambia Library Service   PS 509.D6 Lle 300497 08.06.2023   08.06.2023 Non-Fiction
    Library of Congress Classification     Non-fiction Kapasa Makasa University Kapasa Makasa University Children's Area 08.06.2023 Zambia Library Service   PS 509.D6 Lle 300496 08.06.2023   08.06.2023 Non-Fiction
    Library of Congress Classification     Non-fiction Kapasa Makasa University Kapasa Makasa University Children's Area 08.06.2023 Zambia Library Service   PS 509.D6 Lle 300499 08.06.2023   08.06.2023 Non-Fiction